MARC details
| 000 -CABECERA |
| campo de control de longitud fija |
01456nam a2200229 a 4500 |
| 001 - NÚMERO DE CONTROL |
| campo de control |
000025337 |
| 005 - FECHA Y HORA DE LA ÚLTIMA TRANSACCIÓN |
| campo de control |
20240308073618.0 |
| 008 - DATOS DE LONGITUD FIJA--INFORMACIÓN GENERAL |
| campo de control de longitud fija |
110215s1989 dr r 000 0 spa d |
| 040 ## - FUENTE DE LA CATALOGACIÓN |
| Centro catalogador/agencia de origen |
DO-SdBNP |
| Lengua de catalogación |
spa |
| Centro/agencia transcriptor |
BNPHU |
| 082 ## - NÚMERO DE LA CLASIFICACIÓN DECIMAL DEWEY |
| Número de clasificación |
xxxx |
| Número de documento/Ítem |
xxxx |
| 111 2# - ENTRADA PRINCIPAL--NOMBRE DE CONGRESO/REUNIÓN |
| Nombre de congreso/reunión o jurisdicción como elemento de entrada |
Seminario grandes figuras de la evangelización de América |
| Fecha del congreso/reunión |
(2: 1989 |
| Sede del congreso/Lugar de la reunión |
Santo Domingo ) |
| 9 (RLIN) |
51890 |
| 245 10 - MENCIÓN DE TÍTULO |
| Título |
Fray Bartolomé de las Casas : |
| Resto del título |
evangelizador y defensor de los indios / |
| Mención de responsabilidad, etc. |
Francisco José Arnáiz ...[et al.]. |
| 260 ## - PUBLICACIÓN, DISTRIBUCIÓN, ETC. |
| Lugar de publicación, distribución, etc. |
Santo Domingo : |
| Nombre del editor, distribuidor, etc. |
Comisión Presidencial de Apoyo al Desarrollo Provincial, |
| Fecha de publicación, distribución, etc. |
1989. |
| 300 ## - DESCRIPCIÓN FÍSICA |
| Extensión |
68 p. ; |
| Dimensiones |
22 cm. |
| 500 ## - NOTA GENERAL |
| Nota general |
Incluye referencias bibliográficas y notas al pie de las páginas |
| 505 0# - NOTA DE CONTENIDO CON FORMATO |
| Nota de contenido con formato |
Palabras de Salutación / José Chez Checo -- Fray Bartolomé de las Casas, evangelizador y defensor de los indios / Mons. Francisco José Arnáis -- El profetismo de las Casas y la desnutrición de las indios / Carlos Esteban Deive-- Bartolomé de las Casas precursor de los pueblos de indios / Pedro Julio Santiago -- La personalidad conflectiva de Fray Bartolomé de las Casas / Carlos Dobal -- Palabra de clausura/ Rev. Padre Ramón Alonso |
| 590 ## - NOTA LOCAL (RLIN) |
| Nota local |
Inventariado, 2019/BT |
| 710 2# - PUNTO DE ACCESO ADICIONAL--NOMBRE DE ENTIDAD CORPORATIVA |
| Nombre de entidad corporativa o nombre de jurisdicción como elemento de entrada |
Comisión Dominicana Permanente para la Celebración del Quinto Centenario del Descubrimiento y Evangelización de América |
| 9 (RLIN) |
37646 |
| 700 1# - PUNTO DE ACCESO ADICIONAL--NOMBRE DE PERSONA |
| Nombre de persona |
Deive, Carlos Esteban, |
| Fechas asociadas al nombre |
1935-2019 |
| 9 (RLIN) |
1916 |
| 700 1# - PUNTO DE ACCESO ADICIONAL--NOMBRE DE PERSONA |
| Nombre de persona |
Santiago, Pedro Julio |
| 9 (RLIN) |
44573 |
| 700 1# - PUNTO DE ACCESO ADICIONAL--NOMBRE DE PERSONA |
| Nombre de persona |
Dobal, Carlos |
| 9 (RLIN) |
26322 |